Towards a Design Flow for Reversible Logic [electronic resource] / by Robert Wille, Rolf Drechsler.
Record details
- ISBN: 9789048195794
- Physical Description: XIII, 184p. online resource.
- Publisher: Dordrecht : Springer Netherlands : 2010.
Search for related items by subject
| Subject: | Engineering. Systems engineering. Engineering. Circuits and Systems. |
Electronic resources
| LDR | 01289nam a22003615i 4500 | ||
|---|---|---|---|
| 001 | 28217 | ||
| 003 | CONS | ||
| 005 | 20131219133113.0 | ||
| 007 | cr nn 008mamaa | ||
| 008 | 100728s2010 ne | s |||| 0|eng d | ||
| 020 | . | ‡a9789048195794 ‡9978-90-481-9579-4 | |
| 024 | 7 | . | ‡a10.1007/978-90-481-9579-4 ‡2doi |
| 035 | . | ‡a(DE-He213)978-90-481-9579-4 | |
| 050 | 4. | ‡aTK7888.4 | |
| 072 | 7. | ‡aTJFC ‡2bicssc | |
| 072 | 7. | ‡aTEC008010 ‡2bisacsh | |
| 100 | 1 | . | ‡aWille, Robert. ‡eauthor. |
| 245 | 1 | 0. | ‡aTowards a Design Flow for Reversible Logic ‡h[electronic resource] / ‡cby Robert Wille, Rolf Drechsler. |
| 264 | 1. | ‡aDordrecht : ‡bSpringer Netherlands : ‡bImprint: Springer, ‡c2010. | |
| 300 | . | ‡aXIII, 184p. ‡bonline resource. | |
| 336 | . | ‡atext ‡btxt ‡2rdacontent | |
| 337 | . | ‡acomputer ‡bc ‡2rdamedia | |
| 338 | . | ‡aonline resource ‡bcr ‡2rdacarrier | |
| 347 | . | ‡atext file ‡bPDF ‡2rda | |
| 650 | 0. | ‡aEngineering. | |
| 650 | 0. | ‡aSystems engineering. | |
| 650 | 1 | 4. | ‡aEngineering. |
| 650 | 2 | 4. | ‡aCircuits and Systems. |
| 700 | 1 | . | ‡aDrechsler, Rolf. ‡eauthor. |
| 710 | 2 | . | ‡aSpringerLink (Online service) |
| 773 | 0 | . | ‡tSpringer eBooks |
| 776 | 0 | 8. | ‡iPrinted edition: ‡z9789048195787 |
| 856 | 4 | 0. | ‡uhttp://biblioteca.ipicyt.edu.mx:2048/login?url=http://dx.doi.org/10.1007/978-90-481-9579-4 ‡yTexto completo ‡9CONS |
| 950 | . | ‡aEngineering (Springer-11647) | |
| 901 | . | ‡a28217 ‡b ‡c28217 ‡tbiblio ‡sSystem Local | |